Труды Кубанского педагогического института. Т. 2-3: Труды Кубанского педагогического института и состоящих при нем: научно-педагогического, литературно-историко-этнологического и физико-математического научных обществ (Запись № 13627591)

Подробности
000 -МАРКЕР
контрольное поле 01460nam2a2200265 4500
001 - ИДЕНТИФИКАТОР ЗАПИСИ
контрольное поле rc\2652158
005 - ИДЕНТИФИКАТОР ВЕРСИИ
контрольное поле 20260315070639.0
035 ## - ДРУГИЕ СИСТЕМНЫЕ НОМЕРА
Идентификатор записи (NLR Aleph) 007201557
100 ## - ДАННЫЕ ОБЩЕЙ ОБРАБОТКИ
Данные общей обработки 20110611d1929 u y0rusy50 ca
101 0# - ЯЗЫК РЕСУРСА
Язык текста, звукозаписи и т.д. русский
102 ## - СТРАНА ПУБЛИКАЦИИ ИЛИ ПРОИЗВОДСТВА
Страна публикации Российская Федерация
105 ## - ПОЛЕ КОДИРОВАННЫХ ДАННЫХ: ТЕКСТОВЫЕ МАТЕРИАЛЫ, МОНОГРАФИЧЕСКИЕ
Кодированные данные о монографическом текстовом документе a z |||||
200 1# - ЗАГЛАВИЕ И СВЕДЕНИЯ ОБ ОТВЕТСТВЕННОСТИ
Основное заглавие Труды Кубанского педагогического института и состоящих при нем: научно-педагогического, литературно-историко-этнологического и физико-математического научных обществ
Первые сведения об ответственности Ред. коллегия: П.И. Мищенко, Н.Г. Городенский, Р.К. Войцик [и др.]
210 ## - ПУБЛИКАЦИЯ, РАСПРОСТРАНЕНИЕ И ДР.
Дата издания, распространения и т.д. 1929
215 ## - ФИЗИЧЕСКАЯ ХАРАКТЕРИСТИКА
Специфическое обозначение материала и объем [4], 252 с.
Другие сведения о физической характеристике ил., табл.
461 #0 - УРОВЕНЬ НАБОРА
Встроенное поле 001rc\2652157
-- 2001#$aТруды Кубанского педагогического института$eТ. I -$vТ. 2-3
Системный номер (АБИС) связанной записи 7634167
Автор Краснодарский педагогический институт им. 15-летия ВЛКСМ
Место публикации Краснодар
Дата публикации 1929-
Имя издателя, распространителя и т.д. Кубпедин-т
Сведения, относящиеся к заглавию Т. I -
Заглавие Труды Кубанского педагогического института
Номер тома Т. 2-3
702 #1 - ИМЯ ЛИЦА - ВТОРИЧНАЯ ОТВЕТСТВЕННОСТЬ
Начальный элемент ввода Мищенко
Часть имени, кроме начального элемента ввода П.И.
Код отношения Редактор
702 #1 - ИМЯ ЛИЦА - ВТОРИЧНАЯ ОТВЕТСТВЕННОСТЬ
Начальный элемент ввода Городенский
Часть имени, кроме начального элемента ввода Н.Г.
Код отношения Редактор
702 #1 - ИМЯ ЛИЦА - ВТОРИЧНАЯ ОТВЕТСТВЕННОСТЬ
Начальный элемент ввода Войцик
Часть имени, кроме начального элемента ввода Р.К.
Код отношения Редактор
801 #0 - ИСТОЧНИК ЗАПИСИ
Страна Российская Федерация
Организация NLR
Правила каталогизации psbo
801 #1 - ИСТОЧНИК ЗАПИСИ
Страна Российская Федерация
Организация ELAR
Источник данных rusmarc
852 ## - МЕСТОНАХОЖДЕНИЕ И ШИФР ХРАНЕНИЯ
Идентификатор организации NLR
Шифр хранения (Call Number) 30.19/717
942 ## - ДОПОЛНИТЕЛЬНЫЕ ЭЛЕМЕНТЫ ЗАПИСИ (АБИС)
Тип экземпляра АБИС Неопределено
980 ## - КОЛЛЕКЦИЯ
Название коллекции Национальная библиография

Нет доступных экземпляров.